| 000 | 01079nam a2200337Ki 4500 | ||
|---|---|---|---|
| 020 | _a0078251052 (course 1) | ||
| 020 | _a0078251362 (course 1, teacher ed.) | ||
| 020 | _a0078251060 (course 2) | ||
| 020 | _a0078251370 (course 2, teacher ed.) | ||
| 020 | _a0078251079 (course 3) | ||
| 020 | _a0078251389 (course 3, teacher ed.) | ||
| 020 | _a0078251087 (course 4) | ||
| 020 | _a0078251095 (course 5) | ||
| 020 | _a0078251109 (American literature) | ||
| 020 | _a0078251117 (British literature) | ||
| 020 | _a0078251125 (world literature) | ||
| 040 | _cUUW | ||
| 082 | _a808 HIL 2002 A112 Or. | ||
| 245 | 0 | 0 |
_aGlencoe literature : _bthe reader's choice / |
| 246 | 3 | 0 | _aLiterature |
| 260 |
_aNew York, N.Y. : _bGlencoe McGraw-Hill, _cc2002 |
||
| 300 |
_a8 v. : _bill. ; _c27-29 cm. + _eteacher's ed., supplementary materials |
||
| 500 | _aIncludes indexes | ||
| 650 | 0 | _aLiterature | |
| 650 | 0 | _aLiterature | |
| 650 | 0 | _aEnglish literature | |
| 650 | 0 | _aAmerican literature | |
| 700 | 1 | _aChin, Beverly Ann | |
| 710 | 2 | _aGlencoe/McGraw-Hill | |
| 942 | _cEK | ||
| 999 |
_c16637 _d16637 |
||